Zákazková výroba v účtovníctve podnikateľských subjektov
Zákazková výroba, jej definovanie a vedene účtovníctva. Teoretický pohľad na zákazkovú výrobu v podvojnom účtovníctve, ktoré predstavuje osobitnú oblasť účtovania podnikateľských subjektov.
Na minha lista:
| Autor principal: | |
|---|---|
| Outros Autores: | , |
| Formato: | Capítulo de Livro |
| Idioma: | eslovaco |
| Assuntos: | |
| Tags: |
Sem tags, seja o primeiro a adicionar uma tag!
|
MARC
| LEADER | 00000naa$a2200000$$$4500 | ||
|---|---|---|---|
| 001 | 0166102 | ||
| 005 | 20240502072908.3 | ||
| 041 | 0 | |a slo | |
| 044 | |a SK | ||
| 245 | 1 | 0 | |a Zákazková výroba v účtovníctve podnikateľských subjektov |c Eva Manová, Albína Kostková, Sergej Strajňák |
| 520 | |a Zákazková výroba, jej definovanie a vedene účtovníctva. Teoretický pohľad na zákazkovú výrobu v podvojnom účtovníctve, ktoré predstavuje osobitnú oblasť účtovania podnikateľských subjektov. | ||
| 610 | 2 | 0 | |a účtovníctvo |
| 610 | 2 | 0 | |a jednotka účtovná |
| 610 | 2 | 0 | |a postupy účtovné |
| 610 | 2 | 0 | |a pravidlá účtovné |
| 610 | 2 | 0 | |a evidencia účtovná |
| 610 | 2 | 0 | |a výroba zákazková |
| 610 | 2 | 0 | |a vzťahy obchodné |
| 100 | 1 | |a Manová, Eva, 1957- | |
| 700 | 1 | |a Kostková, Albína, 1951- | |
| 700 | 1 | |a Strajňák, Sergej | |